01622nam a2200313 u 450000100100000000500170001000800410002702000180006804000250008608200210011110000240013224500580015626000370021430000370025150000630028850400320035159000660038359000250044965000460047465000570052065000460057791000370062395201340066095201250079495201340091995201190105395201190117299900170129100002046220240228130646.0100813s2016 dr a 000 0 spa d a9789945167498 aDO-SdBNPbspacBNPHU a630.97293bR763a1 aRomero, Santo9702110aAgropecuaria y asentamientos humanos /cSanto Romero. aSanto Domingo, :bBúho,c2016. a616 p. :bil. , retrs. ;c21 cm. aIncluye datos biográficos del autor en la contracubierta aBibliografía : p. 615-616 aLa biblioteca posee 3 ajemplares autográfiados por el autor aInventariado,2018/DG 4aAgriculturazRepública Dominicana91568 4aAsentamientos humanoszRepública Dominicana943143 4aGanaderíazRepública Dominicana91548 aValidado. Control de calidad MFF 001054708DSaGRbGRcHDd2017-05-31iLF1l0o630.97293 R763ap20462-30r2020-06-25te. 3w2020-06-25yLFDSZPréstamo en sala 0010718DSaGRbGRcHDd2019-04-03iLF1l0o630.97293 R763ap20462-40r2020-06-25te. 4w2020-06-25yLFDSZNo se presta 001054708DSaGRbGRcHDd2019-04-03iLF1l0o630.97293 R763ap20462-50r2020-06-25te. 5w2020-06-25yLFDSZPréstamo en sala 0010718PDaPDbPDcHDd2017-05-31iLF1l0o630.97293 R763ap20462-10r2020-06-25w2020-06-25yLFPDZNo se presta 0010718PDaPDbPDcHDd2017-05-31iLF1l0o630.97293 R763ap20462-20r2020-06-25w2020-06-25yLFPDZNo se presta c19966d19966